Obchodná a hospodárska spolupráca vybraných krajín EÚ s Ukrajinou a predpoklady ďalšieho rozvoja dizertačná práca

Salvato in:
Dettagli Bibliografici
Autore principale: Oleksik, Ivan
Ente Autore: Obchodná fakulta EU. Katedra medzinárodného obchodu
Altri autori: Knapik, Peter
Natura: Libro
Lingua:slovacco
Pubblicazione: Bratislava 2009
Soggetti:
Tags: Aggiungi Tag
Nessun Tag, puoi essere il primo ad aggiungerne!!

MARC

LEADER 00000nam$a2200000$$$4500
001 0105812
005 20230227085846.4
041 0 |a slo 
044 |a SK 
245 1 0 |a Obchodná a hospodárska spolupráca vybraných krajín EÚ s Ukrajinou a predpoklady ďalšieho rozvoja  |b dizertačná práca  |c Ivan Oleksik ; škol. Peter Knapik 
264 1 |a Bratislava  |c 2009 
300 |a 192 s. 
610 2 0 |a spolupráca hospodárska medzinárodná 
610 2 0 |a globalizácia 
610 2 0 |a regióny 
610 2 0 |a vzťahy obchodné 
610 2 0 |a migrácia 
610 2 0 |a integrácia 
610 2 0 |a Európska únia 
610 2 0 |a Ukrajina 
100 1 |a Oleksik, Ivan 
700 1 |a Knapik, Peter 
710 2 |a Obchodná fakulta EU. Katedra medzinárodného obchodu